000 00820nam a2200217Ia 4500
005 20230217031727.0
008 230208t1973||||xx |||||||||||||| ||und||
040 _aODONTO
_bspa
_cODONTO
_dODONTO
041 _aspa
084 _2F(112)
_aF(112)
_qF(112)
100 _aAmado de Zeissig, Julia Alicia
_93118
245 0 _aInvestigación de insecticidas residuales en la fauna marina de los esteros de la costa sur de Guatemala /
_cJulia Alicia Amado de Zeissig.--
260 _aGuatemala :
_bUniversitaria,
_c1973.
300 _a71 p. :
_bil. ;
_c23 cm.
490 _aColección "Monografías" vol. ; 3
650 0 2 _aInsecticidas
_93119
650 0 2 _aContaminantes del agua
_93306
650 0 2 _aContaminantes ambientales
_93307
650 0 2 _aSustancias peligrosas
_93308
942 _aBiblioteca de Odontología
_cBK
_n0
_kF(112)
999 _c1032
_d1032